Do They Know it's Christmas? 1984 lyrics - Statistics

General Stats
  • This quiz has been taken 207 times
  • The average score is 24 of 28
Answer Stats
Hint Answer % Correct
Throw your arms around the world
98%
Feed the world
98%
Feed the world
98%
Feed the world
98%
At Christmas time
97%
And there won't be snow in Africa this Christmas time
97%
It's Christmas time, and there's no need to be afraid
95%
At Christmas time, it's hard but while you're having fun
95%
Do they know it's Christmas time at all
94%
Do they know it's Christmas time at all
94%
There's a world outside your window, and it's a world of dread and fear
91%
Where nothing ever grows, no rain or rivers flow
91%
And in our world of plenty, we can spread a smile of joy
91%
Instead of you
91%
Here's to you
91%
But say a prayer and pray for the other ones
89%
Well tonight thank God it's them
89%
Here's to them
89%
Is the bitter sting of tears
85%
The greatest gift they'll get this year is life
81%
Underneath that burning sun
81%
Where the only water flowing
77%
Raise a glass for everyone
76%
At Christmas time, we let in light and we banish shade
74%
And the Christmas bells that ring there
67%
Are the clanging chimes of doom
63%
Let them know it's Christmas time again
43%
Let them know it's Christmas time again
43%
No matching quizzes found
Score Distribution
Percent of People with Each Score
Percentile by Number Answered
Your Score History
You have not taken this quiz